Responses for Show #2605 - Friday, December 22, 1995

1995-B Seniors Tournament quarterfinal game 5.

Contestants

[<< previous game]

Mark Weissman, a consultant from Rancho Palos Verdes, California

Phyllis Clark, a program coordinator from West Grove, Pennsylvania

Darryl Adams, an attorney and real estate broker from North Potomac, Maryland

[next game >>]

Jeopardy! Round responses

U.S. GEOGRAPHY
THE EMMYS
VOCABULARY
MONEY MATTERS
DOGS
TREES
    $100 1
the Bering Sea

Phyllis
    $100 26
Kelsey Grammer

Phyllis
    $100 8
yoga

Mark
    $100 17
stock

Darryl
    $100 6
St. Bernard

Mark
    $100 11
(Mark: What is a fig?)

a willow

PhyllisMark
    $200 2
the Delaware River

Darryl
    $200 27
L.A. Law

Darryl
    $200 14
a cozy

Darryl
    $200 18
the exchange rate

Darryl
    $200 7
a Husky

Darryl
    $200 12
the sequoia

Phyllis
    $300 3
Texas

Darryl
    $300 28
Alan Alda

Mark
    $300 15
a monger

Mark
    $300 19
a consumer (buyer)

Darryl
    $300 9
a Dalmatian

Phyllis
    $300 13
a peach

Darryl
    $400 4
New York

Phyllis
    $400 29
Shogun

Phyllis
    $400 22
(Mark: What are sheep?)

wool

PhyllisMark
    $400 20
double indemnity

Darryl
    $400 10
(Darryl: What is a Chihuahua?)

the Mexican hairless

Darryl
Triple Stumper
    $400 23
the magnolia

Phyllis
    $500 5
New Hampshire

Phyllis
    $500 30
Miss Jane Pittman

Phyllis
    $500 25
a scuttle

Darryl
    $500 21
Adam Smith

Darryl
    $500 16
a Lhasa apso

Phyllis
    $500 24
the bristlecone pine

Darryl

Scores at the first commercial break (after clue 13):

Darryl Phyllis Mark
$600 $1,600 $100

Scores at the end of the Jeopardy! Round:

Darryl Phyllis Mark
$3,500 $3,900 $300

Double Jeopardy! Round responses

WORLD WAR II
FAMOUS WOMEN
TRANSPORTATION
POETRY
JOY OF COOKING
MUSICAL THEATRE
    $200 1
Hitler

Darryl
    $200 4
Amelia Earhart

Phyllis
    $200 15
the Oregon Trail

Mark
    $200 10
(Phyllis: Who is [*] at the Bat?)

Casey

Phyllis
    $200 20
taffy

Phyllis
    $200 25
Les Misérables

Phyllis
    $400 2
Mussolini

Phyllis
    $400 5
Janet Reno

Darryl
    $400 16
a streetcar

Darryl
    $400 11
(Mark: Uh, who was, uh, U.S. Grant?)
(Phyllis: Who was McKinley?)

Garfield

PhyllisMark
Triple Stumper
    $400 21
waffles

Mark
    $600 3
the Battle of the Bulge

Phyllis
    $600 6
Sally Rand

Phyllis
    $600 17
a monorail

Darryl
    $600 12
the albatross

Darryl
    $600 22
(Alex: We have a minute to go.)

tongue

Phyllis
    $600 26
Shirley Booth

Darryl
    $800 8
the Burma Road

Phyllis
    $800 7
the Washington Post

Darryl
    $800 18
Sikorsky

Darryl
    $800 13
Dylan Thomas

Darryl
    $800 23
truffles

Phyllis
    $800 27
Carousel

Phyllis
    $1000 9
Diego Rivera

Phyllis
    $400 19
(Alex: The Queen City.)

Cincinnati

Darryl
    $400 14
(Darryl: I don't know.)

a haiku

Darryl
    $1000 24
a radish

Phyllis
    $1000 28
[The end-of-round signal sounds.]

Oscar Wilde

Phyllis

Scores at the end of the Double Jeopardy! Round:

Darryl Phyllis Mark
$8,700 $11,900 $500

Final Jeopardy! Round responses

HISTORIC AMERICANS
MarkWho is Bush
$500
DarrylWho is George Bush
$300
PhyllisWho was Nathan Hale?
$3,000
Nathan Hale

Final scores:

Darryl Phyllis Mark
$8,400 $14,900 $0
2nd place: $1,000 if eliminated Automatic semifinalist 3rd place: $1,000 if eliminated

Game dynamics:

Coryat scores:

Darryl Phyllis Mark
$9,700 $11,900 $500
23 R
(including 1 DD),
2 W
(including 1 DD)
26 R
(including 1 DD),
1 W
6 R,
3 W

Combined Coryat: $22,100

[game clues] [game scores] [suggest correction]

Game tape date: Unknown
The J! Archive is created by fans, for fans. Scraping, republication, monetization, and malicious use prohibited; this site may use cookies and collect identifying information. See terms. The Jeopardy! game show and all elements thereof, including but not limited to copyright and trademark thereto, are the property of Jeopardy Productions, Inc. and are protected under law. This website is not affiliated with, sponsored by, or operated by Jeopardy Productions, Inc. Join the discussion at JBoard.tv.